Συμβολή εις την μελέτην και την ακτινοθεραπείαν της ωμοβραχιονίου περιαθρίτιδος : (Νόσου του Duplay)
Αποθηκεύτηκε σε:
| Κύριος συγγραφέας: | |
|---|---|
| Μορφή: | Βιβλίο |
| Γλώσσα: | Greek |
| Δημοσίευση: |
Αθήναι :
[χ.ό],
1946.
|
| Θέματα: | |
| Ετικέτες: |
Προσθήκη ετικέτας
Δεν υπάρχουν, Καταχωρήστε ετικέτα πρώτοι!
|
MARC
| LEADER | 00000nam a2200000 a 4500 | ||
|---|---|---|---|
| 001 | 1/127171 | ||
| 008 | 230828t1946####gr | ||| |||| ||gre|| | ||
| 040 | |a GR-MyUa |b gre |c GR-MyUa |e AACR2 | ||
| 041 | 0 | |a gre | |
| 082 | 7 | |a 615.842 |2 (23) | |
| 100 | 1 | |a Γούναρης, Ισίδωρος Γ., |d 1903- | |
| 245 | 1 | 0 | |a Συμβολή εις την μελέτην και την ακτινοθεραπείαν της ωμοβραχιονίου περιαθρίτιδος : |b (Νόσου του Duplay) / |c Ισιδώρου Γ. Γούναρη. |
| 260 | |a Αθήναι : |b [χ.ό], |c 1946. | ||
| 300 | |a 142 σ. : |b εικ. ; |c 25 εκ. | ||
| 500 | |a Διατριβή επί υφηγεσία. | ||
| 500 | |a Μέσα στο βιβλίο υπάρχει ιδιόχειρη αφιέρωση "Στον αδελφικό φίλον κ' έγκριτον συνάδελφον Πλούταρχον Μώραλην. Με αγάπη κ' φιλία, υπογραφή". | ||
| 650 | 0 | |a Radiotherapy. | |
| 852 | |a INST |b SAMOS |e 20230822 |h 615.842 ΓΟΥ |p 005300047820 |q 005300047820 |t BK |y 0 | ||
| 970 | |a Γουβάλα |b Βάσω |z 28-8-2023 | ||